[Event "Erkenschwick- Münster"]
[Site "?"]
[Date "2023.05.14"]
[Round "9.1"]
[White "Holtel, Jasper"]
[Black "Ris, Robert"]
[Result "1/2-1/2"]
[WhiteElo "2343"]
[BlackElo "2449"]
[Annotator "daniel"]
[PlyCount "33"]
[SourceVersionDate "2023.06.22"]

1. Nf3 Nf6 2. g3 g6 3. b3 Bg7 4. Bb2 d6 5. d4 b5 6. Bg2 Bb7 7. O-O Nbd7 8. Nbd2
c5 9. c4 bxc4 10. dxc5 Nxc5 11. b4 c3 $11 12. Bxc3 Nce4 13. Nxe4 Bxe4 14. Qa4+
Qd7 15. Qxd7+ Kxd7 16. Rac1 Rhc8 17. Bxf6 1/2-1/2

[Event "Erkenschwick- Münster"]
[Site "?"]
[Date "2023.05.14"]
[Round "9.2"]
[White "Nijboer, Friso"]
[Black "Schmitzer, Klaus"]
[Result "1-0"]
[WhiteElo "2474"]
[BlackElo "2226"]
[Annotator "daniel"]
[PlyCount "75"]
[SourceVersionDate "2023.06.22"]

1. e4 c6 2. d4 d5 3. e5 Bf5 4. Nf3 e6 5. Be2 Nd7 6. O-O Bg6 7. a4 Nh6 8. a5 Be7
9. c3 O-O 10. Nbd2 f6 11. b4 Nf7 12. exf6 Bxf6 13. Nb3 Re8 14. Bf4 a6 15. Re1
e5 16. dxe5 Nfxe5 17. Nxe5 Bxe5 18. Bxe5 Nxe5 19. Nc5 Qc7 20. Bg4 Nxg4 21. Qxg4
Qf7 22. h3 Rf8 23. Qe6 Bf5 24. Qxf7+ Rxf7 25. Re3 Rd8 26. Rae1 Kf8 27. Re5 g6
28. g4 Bc8 29. Kg2 Rf4 30. Nb3 Bd7 31. R1e3 Rf7 32. Kg3 Re8 33. Rxe8+ Bxe8 34.
Nc5 Bd7 35. Rf3 Bc8 36. Rxf7+ Kxf7 37. Kf4 h6 38. Ke5 {ZÜ} 1-0

[Event "Erkenschwick- Münster"]
[Site "?"]
[Date "2023.05.14"]
[Round "9.3"]
[White "Muschik, Benedikt"]
[Black "De Winter, Arthur"]
[Result "0-1"]
[WhiteElo "2297"]
[BlackElo "2380"]
[PlyCount "98"]
[SourceVersionDate "2023.06.22"]

1. d4 Nf6 2. Bf4 g6 3. e3 Bg7 4. Nf3 O-O 5. Be2 d6 6. O-O Nc6 7. h3 e5 8. dxe5
Ne4 9. Bh2 dxe5 10. Qxd8 Rxd8 11. Na3 a6 12. Nc4 f6 13. Rfd1 Be6 14. a4 Bf8 15.
Ncd2 Nc5 16. Ne1 Rd7 17. Nd3 Nxd3 18. cxd3 Nb4 19. Ne4 Be7 20. d4 Bb3 21. Rdc1
exd4 22. Bc4+ Bxc4 23. Rxc4 dxe3 24. fxe3 Nd5 25. Nc5 Bxc5 26. Rxc5 Re8 27. Re1
Re4 28. b4 Nxb4 29. Rxc7 Rxc7 30. Bxc7 Nd5 31. Bh2 Kf7 32. a5 Rxe3 33. Rd1 Nc3
34. Rd8 Re8 35. Rd7+ Re7 36. Rd8 Ne4 37. Bf4 Ke6 38. g4 Rd7 39. Re8+ Kd5 40.
Rc8 Nd6 41. Rf8 Nc4 42. Rxf6 Nxa5 43. h4 Nc6 44. h5 gxh5 45. gxh5 a5 46. Bh6
Rd6 47. Rf5+ Ke4 48. Rf4+ Ke5 49. Bg5 h6 0-1

[Event "Erkenschwick- Münster"]
[Site "?"]
[Date "2023.05.14"]
[Round "9.4"]
[White "Jens, Jelmer"]
[Black "Wolter, Kai"]
[Result "1/2-1/2"]
[WhiteElo "2403"]
[BlackElo "2205"]
[PlyCount "55"]
[SourceVersionDate "2023.06.22"]

1. e4 c5 2. Nf3 e6 3. d4 cxd4 4. Nxd4 Nc6 5. Nc3 Qc7 6. Be3 a6 7. Qf3 Nf6 8.
O-O-O h5 9. Nxc6 dxc6 10. Qg3 Qxg3 11. hxg3 e5 12. f3 Be6 13. g4 g6 14. Na4 Nd7
15. gxh5 gxh5 16. c4 Bh6 17. Bxh6 Rxh6 18. c5 Rd8 19. b3 Nf8 20. Rxd8+ Kxd8 21.
Kd2 h4 22. Ke3 Rh7 23. Nb2 Ke7 24. Nd3 Kf6 25. Be2 Rg7 26. Rxh4 Rxg2 27. Rh8
Kg7 28. Rh1 1/2-1/2

[Event "Erkenschwick- Münster"]
[Site "?"]
[Date "2023.05.14"]
[Round "9.5"]
[White "Wilde, Pierre"]
[Black "De Vreugt, Dennis"]
[Result "0-1"]
[WhiteElo "2218"]
[BlackElo "2410"]
[PlyCount "76"]
[SourceVersionDate "2023.06.22"]

1. d4 Nf6 2. c4 e6 3. g3 Bb4+ 4. Bd2 c5 5. Bxb4 cxb4 6. Bg2 O-O 7. Nf3 a5 8.
O-O d6 9. Nbd2 Qc7 10. Rc1 b6 11. Ne1 Bb7 12. Nd3 Bxg2 13. Kxg2 e5 14. e3 Qb7+
15. Kg1 Nbd7 16. a3 bxa3 17. bxa3 Ne4 18. f3 Nxd2 19. Qxd2 Rac8 20. Rc2 Rfe8
21. d5 e4 22. fxe4 Rxe4 23. Rf4 Rce8 24. Rxe4 Rxe4 25. Nf2 Re8 26. Nd3 Qa6 27.
Kg2 Re4 28. Qc1 Nf6 29. Nf2 Re5 30. Qd2 h5 31. Qd4 Qc8 32. Rb2 Nd7 33. Nd3 Re8
34. Qf4 Qc7 35. Rc2 Nf6 36. Rb2 Re4 37. Qg5 Qxc4 38. Nf4 Re5 0-1

[Event "Erkenschwick- Münster"]
[Site "?"]
[Date "2023.05.14"]
[Round "9.6"]
[White "Willemze, Thomas"]
[Black "Wichtrup, Jan- Louis"]
[Result "1-0"]
[WhiteElo "2371"]
[BlackElo "2135"]
[PlyCount "69"]
[SourceVersionDate "2023.06.22"]

1. e4 e5 2. Nf3 Nc6 3. Nc3 Nf6 4. Bb5 Bb4 5. O-O O-O 6. d3 d6 7. Ne2 Ne7 8. Ng3
c6 9. Ba4 Ng6 10. c3 Ba5 11. d4 exd4 12. cxd4 d5 13. e5 Ne4 14. Nxe4 dxe4 15.
Ng5 c5 16. Qh5 h6 17. Nxf7 Rxf7 18. Qxg6 Bf5 19. Qh5 c4 20. Be3 Qd5 21. b3 b5
22. bxc4 bxc4 23. Rab1 Bb6 24. Rfc1 Rc8 25. Rb5 Qe6 26. h3 Bg6 27. d5 Bxe3 28.
fxe3 Bxh5 29. dxe6 Re7 30. Rb4 Be2 31. Bd7 Rc5 32. Rb8+ Kh7 33. Rf8 Kg6 34. Rf7
Rxf7 35. Be8 1-0

[Event "Erkenschwick- Münster"]
[Site "?"]
[Date "2023.05.14"]
[Round "9.7"]
[White "Rott, Georg"]
[Black "Erwich, Marc"]
[Result "1-0"]
[WhiteElo "2146"]
[BlackElo "2357"]
[PlyCount "95"]
[SourceVersionDate "2023.06.22"]

1. e4 c5 2. Nf3 e6 3. c3 Nf6 4. e5 Nd5 5. d4 cxd4 6. cxd4 Nc6 7. a3 d6 8. Bd3
Qc7 9. O-O Bd7 10. Qe2 O-O-O 11. Bd2 Qb6 12. Bg5 f6 13. exf6 gxf6 14. Be3 Nxe3
15. fxe3 d5 16. Nc3 Kb8 17. b4 Ne7 18. Rac1 h5 19. Qf2 Bh6 20. Rfe1 Qd6 21. Nh4
e5 22. Rc2 Rhg8 23. Nf5 Nxf5 24. Bxf5 Bxf5 25. Qxf5 Rg5 26. Qf3 a6 27. Rf2 Bg7
28. Rd1 h4 29. dxe5 Rxe5 30. Rfd2 Qe6 31. Rxd5 Rdxd5 32. Nxd5 Bh6 33. Rd3 f5
34. a4 Qc6 35. a5 Qc1+ 36. Kf2 f4 37. Nxf4 Qb2+ 38. Ne2 Re8 39. Qg4 Qe5 40. Nf4
Qb2+ 41. Kf3 Qf6 42. Qd7 Rxe3+ 43. Kxe3 Bxf4+ 44. Ke4 Bc7 45. Rf3 Qe5+ 46. Kd3
Bd6 47. Qd8+ Ka7 48. Qxh4 1-0

[Event "Erkenschwick- Münster"]
[Site "?"]
[Date "2023.05.14"]
[Round "9.8"]
[White "Langers, Alexander"]
[Black "Junk, Phillip"]
[Result "1/2-1/2"]
[WhiteElo "2261"]
[BlackElo "2083"]
[Annotator "daniel"]
[PlyCount "105"]
[SourceVersionDate "2023.06.22"]

1. e4 c6 2. d4 d5 3. exd5 cxd5 4. c4 Nf6 5. Nc3 Nc6 6. Nf3 Bg4 7. cxd5 Nxd5 8.
Qb3 Bxf3 9. gxf3 e6 10. Qxb7 Nxd4 11. Bb5+ Nxb5 12. Qc6+ Ke7 13. Nxb5 a6 14.
Nd4 Qc8 15. Bg5+ f6 16. Bd2 Qxc6 17. Nxc6+ Kd7 $11 18. Na5 Rc8 19. a3 Bd6 20.
b3 Rc7 21. O-O Rc2 22. Rfd1 Rb8 23. b4 Rbc8 24. Be1 Ke7 25. Nb7 R8c7 26. Nxd6
Kxd6 27. Bd2 Ke5 28. Rab1 Ra2 29. Rb3 Rcc2 30. Be3 Kf5 31. Ba7 Nf4 32. Rf1 Ne2+
33. Kg2 Rc3 34. Rxc3 Nxc3 35. Bc5 e5 36. Rc1 Ne2 37. Rb1 Nc3 38. Rb3 Nb5 39.
Rd3 Ke6 40. Rd8 Rxa3 41. Rg8 Kf7 42. Rd8 g5 43. Rf8+ Ke6 44. Rh8 Ra1 45. Rxh7
Nc3 46. Re7+ Kf5 47. Rd7 Ne2 48. h3 Nf4+ 49. Kh2 Ra3 50. Be3 Rb3 51. Rd6 Rxb4
52. Rxa6 Nd5 53. Ra3 1/2-1/2

[Event "Solingen 3- Katernberg"]
[Site "?"]
[Date "2023.05.14"]
[Round "9.1"]
[White "Siebrecht, Sebastian"]
[Black "Zolfagharian, Kevin"]
[Result "1-0"]
[WhiteElo "2369"]
[BlackElo "2210"]
[PlyCount "65"]
[SourceVersionDate "2023.06.22"]

1. Nf3 d5 2. e3 Nf6 3. c4 e6 4. b3 c5 5. Bb2 Nc6 6. cxd5 exd5 7. Bb5 Bg4 8. h3
Bh5 9. g4 Bg6 10. Ne5 Rc8 11. f4 Be4 12. O-O h5 13. g5 Bxb1 14. Rxb1 Ne4 15. d3
Ng3 16. Rf3 h4 17. e4 d4 18. b4 Bd6 19. g6 Bxe5 20. gxf7+ Kf8 21. Bxc6 Rxc6 22.
fxe5 Qg5 23. Bc1 Qxe5 24. Bf4 Qe6 25. Kg2 cxb4 26. Rxb4 g5 27. Bxg5 Rh5 28.
Rxd4 Rc8 29. Bf4 Re5 30. Qd2 Nh5 31. Bxe5 Qxe5 32. Rd5 Qg7+ 33. Kh2 1-0

[Event "Solingen 3- Katernberg"]
[Site "?"]
[Date "2023.05.14"]
[Round "9.2"]
[White "Michalczak, Thomas"]
[Black "Kueppers, Timo"]
[Result "0-1"]
[WhiteElo "2231"]
[BlackElo "2234"]
[PlyCount "66"]
[SourceVersionDate "2023.06.22"]

1. e4 c5 2. c3 Nf6 3. e5 Nd5 4. Nf3 d6 5. d4 cxd4 6. cxd4 Nc6 7. Bc4 dxe5 8.
dxe5 Ndb4 9. Qb3 e6 10. O-O Na5 11. Qa4+ Bd7 12. Bb5 Bxb5 13. Qxb5+ Nac6 14.
Nc3 a6 15. Qc4 Qd3 16. Qg4 Qg6 17. Qxg6 hxg6 18. Bf4 Nd3 19. g3 Rd8 20. Kg2 b5
21. a4 b4 22. Ne4 Rd5 23. Rfd1 Na5 24. Rab1 Be7 25. Ne1 Nxe5 26. Rxd5 exd5 27.
Bxe5 dxe4 28. Bxg7 Rh5 29. Bd4 Rd5 30. Ba7 b3 31. Kf1 Nc4 32. Rc1 Nxb2 33. Rc3
Rd1 0-1

[Event "Solingen 3- Katernberg"]
[Site "?"]
[Date "2023.05.14"]
[Round "9.3"]
[White "Schimnatkowski, Lukas"]
[Black "Asadzade, Idris"]
[Result "1-0"]
[WhiteElo "2257"]
[BlackElo "2173"]
[PlyCount "97"]
[SourceVersionDate "2023.06.22"]

1. e4 e6 2. d4 d5 3. Nd2 dxe4 4. Nxe4 Nf6 5. Nxf6+ gxf6 6. Be3 Nc6 7. Nf3 b6 8.
Bb5 Bb7 9. O-O a6 10. Be2 Qd7 11. c4 Ne7 12. Nh4 Bg7 13. Bf3 O-O-O 14. Bxb7+
Kxb7 15. Qh5 Ng6 16. Rfd1 c6 17. a4 f5 18. Nf3 f4 19. Bd2 Qe7 20. Bc3 Bf6 21.
Rac1 Rd7 22. Rd2 Rhd8 23. Rcd1 a5 24. h3 h6 25. Kh2 Bg5 26. Re1 Ka7 27. Rd3 Kb7
28. Ne5 Nxe5 29. Rxe5 f5 30. Re1 Rd6 31. Qf3 Qf7 32. Red1 Qd7 33. Qe2 Qf7 34.
b4 axb4 35. Bxb4 R6d7 36. a5 Bf6 37. Bc3 c5 38. Qb2 Rd6 39. d5 exd5 40. cxd5
Bxc3 41. Qxc3 Qf6 42. Qc4 Qe5 43. f3 Rg8 44. R3d2 Rc8 45. axb6 Rxb6 46. d6 Rb4
47. Qf7+ Kb8 48. Ra2 Rb7 49. Rb1 1-0

[Event "Solingen 3- Katernberg"]
[Site "?"]
[Date "2023.05.14"]
[Round "9.4"]
[White "Wickenfeld, Stefan"]
[Black "Wessendorf, Thomas"]
[Result "1/2-1/2"]
[WhiteElo "2214"]
[BlackElo "2260"]
[Annotator "daniel"]
[PlyCount "77"]
[SourceVersionDate "2023.06.22"]

1. d4 Nf6 2. Nf3 c5 3. c3 Qa5 4. Nbd2 cxd4 5. cxd4 Nc6 6. g3 g6 7. Bg2 Bg7 8.
O-O d5 9. Nb3 Qb6 10. Ne5 O-O 11. Nxc6 Qxc6 12. Bf4 b6 13. Qd2 Ba6 14. Be5 Rac8
15. Rfc1 $11 Qb5 16. Rxc8 Rxc8 17. Rc1 Rc4 18. Rxc4 Qxc4 19. Nc1 Ne4 20. Bxe4
Bxe5 21. Bxg6 Qxd4 22. Bd3 Bxd3 23. Nxd3 Bf6 24. Qh6 Qe4 25. Qh5 e6 26. b3 Kf8
27. Qh6+ Ke7 28. Nf4 Qf5 29. h4 a5 30. Nd3 Qe4 31. Qd2 Bd4 32. e3 Bf6 33. Nf4
d4 34. exd4 Bxd4 35. Nh3 Qb1+ 36. Kg2 Qe4+ 37. Kg1 Qg4 38. Kg2 Qe4+ 39. Kg1
1/2-1/2

[Event "Solingen 3- Katernberg"]
[Site "?"]
[Date "2023.05.14"]
[Round "9.5"]
[White "Bee, Marcus"]
[Black "Borchert, Stephan"]
[Result "1/2-1/2"]
[WhiteElo "2204"]
[BlackElo "2069"]
[PlyCount "68"]
[SourceVersionDate "2023.06.22"]

1. g3 Nf6 2. Bg2 g6 3. d4 Bg7 4. e4 d6 5. Nc3 O-O 6. Nge2 e5 7. h3 Nc6 8. Be3
Nd7 9. O-O Nb6 10. b3 Bd7 11. Qd2 Re8 12. Rad1 Qe7 13. Rfe1 Rad8 14. a4 exd4
15. Nxd4 Nxd4 16. Bxd4 Bxd4 17. Qxd4 Qe5 18. f4 Qxd4+ 19. Rxd4 Bc6 20. Red1 f6
21. a5 Nd7 22. a6 bxa6 23. Rc4 Nb8 24. e5 Bxg2 25. Kxg2 fxe5 26. Ne4 Re7 27.
Nf6+ Kh8 28. Nd5 Rf7 29. Nxc7 exf4 30. gxf4 Re7 31. Nd5 Re6 32. Nc7 Rf6 33. Nd5
Rf7 34. Nc7 Re7 1/2-1/2

[Event "Solingen 3- Katernberg"]
[Site "?"]
[Date "2023.05.14"]
[Round "9.6"]
[White "Bashylina, Luisa"]
[Black "Meyer, Armin"]
[Result "1-0"]
[WhiteElo "2137"]
[BlackElo "2182"]
[PlyCount "55"]
[SourceVersionDate "2023.06.22"]

1. d4 Nf6 2. c4 e6 3. Nc3 Bb4 4. a3 Bxc3+ 5. bxc3 c5 6. e3 O-O 7. Bd3 d5 8.
cxd5 exd5 9. Ne2 b6 10. O-O Ba6 11. f3 Re8 12. Ng3 Bxd3 13. Qxd3 cxd4 14. cxd4
Nc6 15. Bb2 Rc8 16. Rae1 Qd7 17. e4 dxe4 18. fxe4 Ne5 19. Qd1 Nc4 20. Bc1 Qg4
21. Qd3 Qd7 22. Rxf6 gxf6 23. Nh5 Kh8 24. Nxf6 Qe6 25. Rf1 Kg7 26. e5 Rh8 27.
Qg3+ Kf8 28. d5 1-0

[Event "Solingen 3- Katernberg"]
[Site "?"]
[Date "2023.05.14"]
[Round "9.7"]
[White "Gruenter, Martin"]
[Black "Bashylin, Seva"]
[Result "1-0"]
[WhiteElo "2232"]
[BlackElo "1711"]
[PlyCount "31"]
[SourceVersionDate "2023.06.22"]

1. e4 e5 2. Nf3 d6 3. d4 exd4 4. Qxd4 Nc6 5. Bb5 a6 6. Bxc6+ bxc6 7. Bg5 f6 8.
Be3 Ne7 9. Nc3 Ng6 10. O-O Be7 11. Qc4 Bb7 12. Rad1 Qd7 13. Qb3 O-O-O 14. Nd4
h5 15. Ne6 Rdg8 16. Nc5 1-0

[Event "Solingen 3- Katernberg"]
[Site "?"]
[Date "2023.05.14"]
[Round "9.8"]
[White "Erkay, Necip- Ali"]
[Black "Heldt, Maximilian"]
[Result "0-1"]
[WhiteElo "1899"]
[BlackElo "2041"]
[Annotator "daniel"]
[PlyCount "100"]
[SourceVersionDate "2023.06.22"]

1. d4 Nf6 2. c4 e6 3. g3 d5 4. Bg2 Be7 5. Nf3 b6 6. O-O Bb7 7. Ne5 O-O 8. Nc3
Nbd7 9. Nd3 Qc8 10. cxd5 Nxd5 11. Nxd5 exd5 12. Bf4 c5 13. dxc5 bxc5 14. Rc1 d4
15. Bxb7 Qxb7 16. b3 Rac8 17. Rc2 Nb6 18. Nb2 Rfd8 19. Nc4 Nd5 20. Bd2 Bf6 21.
Qc1 Qe7 22. Re1 Re8 23. Nb2 h6 24. Na4 Bg5 25. Bxg5 hxg5 26. Rd1 Nb4 27. Rcd2
Nd5 28. Rc2 Nb4 29. Rcd2 $11 Rc6 30. Qc4 g4 31. a3 Na6 32. b4 Rh6 33. Nxc5 Qg5
34. Nxa6 Qh5 35. h4 gxh3 36. Rxd4 h2+ 37. Kh1 Rxe2 38. Rd8+ Kh7 39. Qd3+ f5 40.
Nc5 Rxf2 41. Rf1 Rg2 42. Rd5 Rg1+ 43. Rxg1 hxg1=Q+ 44. Kxg1 Qh1+ 45. Kf2 Rh2+
46. Ke3 Qc1+ 47. Kd4 Rd2 48. Qxd2 Qxd2+ 49. Kc4 Qa2+ 50. Nb3 Qc2+ 0-1

[Event "Köln- Dortmund"]
[Site "?"]
[Date "2023.05.14"]
[Round "9.1"]
[White "Klyuner, Vyacheslav"]
[Black "Strohhaeker, Raoul"]
[Result "0-1"]
[WhiteElo "2431"]
[BlackElo "2438"]
[PlyCount "158"]
[SourceVersionDate "2023.06.22"]

1. e4 c5 2. c3 Nf6 3. e5 Nd5 4. d4 cxd4 5. Qxd4 e6 6. Nf3 Nc6 7. Qe4 f5 8. Qe2
Qc7 9. g3 b5 10. Bg2 a5 11. O-O Ba6 12. Rd1 b4 13. c4 Bc5 14. b3 O-O 15. Qd2
Nb6 16. Qe1 a4 17. Bf4 Bb7 18. Nbd2 axb3 19. axb3 Ra3 20. Be3 Bxe3 21. Qxe3
Rfa8 22. Rab1 Na4 23. Ra1 Nc3 24. Rxa3 Rxa3 25. Re1 Qa5 26. Qd3 Qc7 27. h4 h6
28. h5 Ra5 29. Qe3 Nd8 30. Nd4 Nf7 31. f4 Bxg2 32. Kxg2 Ra2 33. Kh3 Qa7 34.
N4f3 Qxe3 35. Rxe3 Kf8 36. g4 fxg4+ 37. Kxg4 Ke7 38. Ne4 Nxe4 39. Rxe4 Rg2+ 40.
Kh3 Rb2 41. Nd4 Rd2 42. Kg3 Rd3+ 43. Kf2 Nd8 44. Ke2 Rh3 45. Re3 Rxh5 46. Rg3
Kf7 47. Rd3 Ke7 48. Rg3 g5 49. f5 Rh2+ 50. Kd1 Rh1+ 51. Ke2 exf5 52. Nxf5+ Ke6
53. Ne3 Kxe5 54. Nd5 Nc6 55. Re3+ Kf5 56. Rf3+ Ke6 57. Re3+ Kf7 58. Rf3+ Kg7
59. Rf6 Nd4+ 60. Kf2 Nxb3 61. Rb6 Nc5 62. Nxb4 Rb1 63. Ke3 h5 64. Rb5 d6 65.
Nd3 Rb3 66. Rxb3 Nxb3 67. Nf2 Nc5 68. Kd4 Kf6 69. Kd5 Ke7 70. Nh3 Ne6 71. Nf2
g4 72. Ke4 Kf6 73. Kd5 Kf5 74. Kxd6 g3 75. Nh3 h4 76. Ng1 Ng5 77. c5 Ne4+ 78.
Kd5 Nxc5 79. Kxc5 Kg4 0-1

[Event "Köln- Dortmund"]
[Site "?"]
[Date "2023.05.14"]
[Round "9.2"]
[White "Morawietz, Dieter"]
[Black "Scholz, Christian"]
[Result "1-0"]
[WhiteElo "2396"]
[BlackElo "2331"]
[PlyCount "65"]
[SourceVersionDate "2023.06.22"]

1. d4 Nf6 2. c4 g6 3. Nc3 Bg7 4. e4 d6 5. Nf3 O-O 6. Be2 e5 7. O-O Nc6 8. d5
Ne7 9. b4 Nh5 10. Re1 f5 11. a4 Nf6 12. Ra3 fxe4 13. Ng5 Nf5 14. Ngxe4 Nd4 15.
Bg5 Bf5 16. Bd3 a5 17. bxa5 Rxa5 18. Nb5 Nxb5 19. cxb5 Qa8 20. Nxf6+ Bxf6 21.
Bd2 Ra7 22. Bxf5 gxf5 23. a5 Rf7 24. Qh5 b6 25. Qxf5 Qxd5 26. Rd3 Qa8 27. axb6
cxb6 28. Rxd6 Qf8 29. Rc6 Rad7 30. Rxf6 Rxf6 31. Qxd7 Rxf2 32. Qg4+ Kh8 33. Bc3
1-0

[Event "Köln- Dortmund"]
[Site "?"]
[Date "2023.05.14"]
[Round "9.3"]
[White "Kotter, Ralf"]
[Black "Helbig, Mark"]
[Result "0-1"]
[WhiteElo "2354"]
[BlackElo "2307"]
[PlyCount "138"]
[SourceVersionDate "2023.06.22"]

1. e4 c6 2. d4 d5 3. e5 c5 4. dxc5 e6 5. Nf3 Bxc5 6. Bd3 Nc6 7. O-O Nge7 8. Re1
Ng6 9. a3 a5 10. Nbd2 Qb6 11. Qe2 Nf4 12. Qf1 Nxd3 13. cxd3 a4 14. Qe2 Bd7 15.
Nf1 O-O 16. Be3 Rac8 17. Bxc5 Qxc5 18. Rac1 Nd4 19. Qe3 Nxf3+ 20. gxf3 d4 21.
Rxc5 dxe3 22. Rxc8 exf2+ 23. Kxf2 Rxc8 24. Ne3 Bc6 25. Rd1 Kf8 26. f4 Ke7 27.
Rg1 g6 28. Rd1 f6 29. Ng4 fxe5 30. fxe5 Bd5 31. Rd2 Bb3 32. Nf6 h6 33. Ke3 Kf7
34. Ne4 Kg7 35. Rf2 b6 36. Nd6 Rc1 37. Ne8+ Kg8 38. Nf6+ Kg7 39. Nd7 b5 40. Nf6
g5 41. Ne8+ Kg8 42. Nd6 Rg1 43. Nxb5 h5 44. Nc3 h4 45. Ne2 Rh1 46. Kf3 Bd1 47.
Kg2 Re1 48. Nc3 Bb3 49. Re2 Rxe2+ 50. Nxe2 g4 51. Kf2 Kg7 52. Ke3 Kh6 53. Nf4
Kg5 54. d4 Kf5 55. Ne2 Bd5 56. Nf4 Bc6 57. Ne2 g3 58. h3 Bg2 59. Nf4 Bf1 60. d5
exd5 61. e6 g2 62. Nxg2 Bxg2 63. Kf2 Kxe6 64. Kxg2 Ke5 65. Kf3 Kd4 66. Ke2 Kc4
67. Kd2 d4 68. Kc2 d3+ 69. Kd2 Kd4 0-1

[Event "Köln- Dortmund"]
[Site "?"]
[Date "2023.05.14"]
[Round "9.4"]
[White "Bonnmann, Reinhard"]
[Black "Sundorf, Jannik"]
[Result "1/2-1/2"]
[WhiteElo "2257"]
[BlackElo "2179"]
[PlyCount "82"]
[SourceVersionDate "2023.06.22"]

1. d4 Nf6 2. c4 e6 3. g3 c5 4. Nf3 d5 5. cxd5 exd5 6. Bg2 Nc6 7. O-O Be7 8.
dxc5 Bxc5 9. Bg5 O-O 10. Nc3 d4 11. Bxf6 Qxf6 12. Nd5 Qd8 13. Nd2 Re8 14. Rc1
Bf8 15. Re1 Bg4 16. Nb3 Re5 17. Nf4 Bb4 18. Rf1 d3 19. Qxd3 Bxe2 20. Qxd8+ Rxd8
21. Nxe2 Rxe2 22. Rb1 Be7 23. Rfe1 Rxe1+ 24. Rxe1 Kf8 25. Bxc6 bxc6 26. Re2 Ke8
27. Na5 Rd6 28. Rc2 Kd7 29. Kg2 Bf6 30. b3 Bd4 31. Rd2 Bc3 32. Rxd6+ Kxd6 33.
Nb7+ Kd5 34. Kf3 c5 35. Ke2 f5 36. Kd3 Be1 37. f3 Bf2 38. Na5 g6 39. Nc4 Bg1
40. h3 Bf2 41. g4 fxg4 1/2-1/2

[Event "Köln- Dortmund"]
[Site "?"]
[Date "2023.05.14"]
[Round "9.5"]
[White "Linker, Walter"]
[Black "Wisskirchen, Andreas"]
[Result "0-1"]
[WhiteElo "2023"]
[BlackElo "2204"]
[PlyCount "82"]
[SourceVersionDate "2023.06.22"]

1. f4 Nf6 2. Nf3 g6 3. b3 Bg7 4. Bb2 O-O 5. e3 c5 6. Be2 b6 7. O-O Bb7 8. Ne5
d6 9. Bf3 Qc7 10. Bxb7 Qxb7 11. Nf3 Nc6 12. a3 b5 13. Qe1 c4 14. bxc4 bxc4 15.
Bc3 Nd8 16. a4 Ne6 17. Na3 Qc6 18. Nb5 Nc5 19. Qh4 Nce4 20. Bd4 a6 21. Nc3 h6
22. g4 Nxc3 23. Bxc3 Qd7 24. h3 Ne4 25. Bxg7 Kxg7 26. a5 Rab8 27. Rab1 e6 28.
Qe1 Rb5 29. d3 cxd3 30. cxd3 Nc5 31. Qc3+ Kh7 32. Nd4 Na4 33. Qd2 Rxb1 34. Rxb1
Rc8 35. Ne2 Qc6 36. f5 gxf5 37. Nd4 Qd5 38. Qb4 Nc5 39. Rd1 fxg4 40. hxg4 Rg8
41. Ne2 Qf3 0-1

[Event "Köln- Dortmund"]
[Site "?"]
[Date "2023.05.14"]
[Round "9.6"]
[White "Schmidt, Martin"]
[Black "Krueger, Simon"]
[Result "1-0"]
[WhiteElo "2235"]
[BlackElo "1970"]
[PlyCount "57"]
[SourceVersionDate "2023.06.22"]

1. d4 Nf6 2. Bf4 c5 3. e3 d5 4. Nf3 Nc6 5. Nbd2 Bg4 6. h3 Bh5 7. c3 e6 8. Qb3
Qc8 9. Bb5 Bxf3 10. Nxf3 a6 11. Bxc6+ Qxc6 12. Ne5 c4 13. Nxc6 cxb3 14. Na5 b6
15. Nxb3 Be7 16. Ke2 O-O 17. f3 Rfc8 18. Rhc1 h6 19. Nd2 b5 20. a4 Nd7 21. e4
b4 22. c4 dxc4 23. Nxc4 f5 24. a5 Bd8 25. b3 g5 26. Bd6 fxe4 27. fxe4 Nf6 28.
Kd3 Nh5 29. Nb6 1-0

[Event "Köln- Dortmund"]
[Site "?"]
[Date "2023.05.14"]
[Round "9.7"]
[White "Hillenbrand, Carsten"]
[Black "Maric, Boris"]
[Result "1/2-1/2"]
[WhiteElo "1967"]
[BlackElo "2065"]
[PlyCount "93"]
[SourceVersionDate "2023.06.22"]

1. d4 Nf6 2. Nf3 b6 3. g3 Bb7 4. Bg2 e6 5. O-O Be7 6. c4 O-O 7. Nc3 Ne4 8. Qc2
Nxc3 9. Qxc3 d6 10. Rd1 Nd7 11. Ne1 Bxg2 12. Nxg2 a5 13. b3 Qb8 14. Qf3 Ra7 15.
Qc6 Qc8 16. Nf4 Nb8 17. Qe4 c6 18. Be3 d5 19. Qf3 Ba3 20. Rab1 Nd7 21. Nd3 Nf6
22. Bc1 Bd6 23. Bf4 Ba3 24. Ne1 Ne4 25. Qd3 Rd8 26. f3 Nf6 27. Bg5 Be7 28. Qc2
h6 29. Be3 Qa6 30. Bf2 a4 31. Nd3 b5 32. cxb5 Qxb5 33. Rdc1 Rc8 34. bxa4 Qxa4
35. Qxa4 Rxa4 36. Rc2 Rca8 37. Rbb2 Ne8 38. Ne5 Nd6 39. Nxc6 Bf6 40. e3 Nc4 41.
Rb8+ Rxb8 42. Nxb8 Ra3 43. Re2 Bg5 44. f4 Bd8 45. Nd7 Ba5 46. Nc5 Bd2 47. e4
1/2-1/2

[Event "Köln- Dortmund"]
[Site "?"]
[Date "2023.05.14"]
[Round "9.8"]
[White "Raasch, Joerg"]
[Black "Wolffgang, Georg"]
[Result "1-0"]
[WhiteElo "2291"]
[BlackElo "1913"]
[PlyCount "83"]
[SourceVersionDate "2023.06.22"]

1. d4 Nf6 2. Nf3 d5 3. c4 e6 4. g3 Bb4+ 5. Bd2 Be7 6. Bg2 O-O 7. O-O c6 8. Qc2
Nbd7 9. Bf4 Ne4 10. Nc3 f5 11. Rad1 Ndf6 12. Ne5 Bd7 13. Nb1 Nh5 14. Bc1 Nd6
15. Nd2 Bf6 16. c5 Bxe5 17. dxe5 Nf7 18. Bf3 g6 19. Bxh5 gxh5 20. Nf3 Kh8 21.
Bf4 Rg8 22. h4 a5 23. Qc3 b5 24. cxb6 Qxb6 25. Bg5 h6 26. Be3 Qb4 27. Qc1 Rab8
28. b3 Rg6 29. Kh2 Rbg8 30. Rd4 Qb8 31. Bf4 Qb5 32. Qd2 c5 33. Ra4 Ra8 34. Rc1
c4 35. Nd4 Qb6 36. Ra3 Rc8 37. Kg1 Rgg8 38. bxc4 dxc4 39. Nxf5 Qb4 40. Rac3
Rcd8 41. Nd6 Nxd6 42. exd6 1-0

[Event "Oberhausener SV 1 - Langenfelder SF 1"]
[Site "NRW-Liga, Gr. 2 2022/2023"]
[Date "2023.05.14"]
[Round "9.1"]
[White "Rechmann, Peter"]
[Black "Becker, Marcel"]
[Result "0-1"]
[WhiteElo "2229"]
[BlackElo "2260"]
[PlyCount "42"]
[EventDate "2023.??.??"]
[SourceVersionDate "2023.06.22"]
[WhiteTeam "Langenfelder SF 1"]
[BlackTeam "Oberhausener SV 1"]

1. d4 d5 2. c4 c6 3. Nc3 Nf6 4. e3 g6 5. Nf3 Bg7 6. Be2 O-O 7. O-O a6 8. h3 b5
9. cxd5 cxd5 10. b4 Nc6 11. a4 Nxb4 12. axb5 a5 13. Ba3 Bf5 14. Qb3 Nc2 15. Ra2
Nxa3 16. Rxa3 Ne4 17. Nxe4 Bxe4 18. Rc1 Rc8 19. Rxc8 Qxc8 20. Rxa5 Qc1+ 21. Kh2
Qc7+ 0-1

[Event "Oberhausener SV 1 - Langenfelder SF 1"]
[Site "NRW-Liga, Gr. 2 2022/2023"]
[Date "2023.05.14"]
[Round "9.2"]
[White "Hort, Vlastimil"]
[Black "Kurth, Justus"]
[Result "1/2-1/2"]
[WhiteElo "2269"]
[BlackElo "2195"]
[PlyCount "89"]
[EventDate "2023.??.??"]
[SourceVersionDate "2023.06.22"]
[WhiteTeam "Oberhausener SV 1"]
[BlackTeam "Langenfelder SF 1"]

1. d4 d5 2. c4 c6 3. Qc2 Nf6 4. e3 g6 5. Bd3 Bg7 6. Nf3 O-O 7. Nc3 b6 8. O-O
Bb7 9. Rd1 Nbd7 10. cxd5 cxd5 11. a4 Rc8 12. Qb1 a6 13. Bd2 Rc7 14. Be1 Qa8 15.
Nd2 e5 16. dxe5 Nxe5 17. Bf1 Ne4 18. Nb3 Rfc8 19. Nd4 Nc4 20. Nce2 h5 21. b3
Ne5 22. Ra2 Qb8 23. h3 Re8 24. Rc2 Bc8 25. Rxc7 Qxc7 26. Rc1 Qd8 27. Qc2 Nc5
28. Nc3 a5 29. Rd1 Bb7 30. Ncb5 Bf8 31. Ne2 Qg5 32. Kh1 d4 33. Nexd4 Be4 34.
Qd2 Rd8 35. f4 Qf6 36. Qf2 Ned3 37. Qh4 Be7 38. Qxf6 Bxf6 39. Kg1 Nxe1 40. Rxe1
Bd5 41. Rb1 h4 42. Be2 Be4 43. Rc1 g5 44. f5 Kg7 45. Bc4 1/2-1/2